000 01040nam a2200265Ia 4500
001 ebr10069605
003 CaPaEBR
006 m u
007 cr cn|||||||||
008 000815s2005 enk s 000 0 eng d
020 _z1841509124
040 _aCaPaEBR
_cCaPaEBR
035 _a(OCoLC)57301127
050 1 4 _aPN1993.5.U65
_bB74 2005eb
100 1 _aBrereton, Pat.
245 1 0 _aHollywood utopia
_h[electronic resource] :
_becology in contemporary american cinema /
_cPat Brereton.
260 _aBristol ;
_aPortland :
_bIntellect Books,
_cc2005.
300 _a270 p.
533 _aElectronic reproduction.
_bPalo Alto, Calif. :
_cebrary,
_d2009.
_nAvailable via World Wide Web.
_nAccess may be limited to ebrary affiliated libraries.
650 0 _aMotion picture industry
_zCalifornia
_zLos Angeles.
650 0 _aEcology.
655 7 _aElectronic books.
_2local
710 2 _aebrary, Inc.
856 4 0 _uhttp://site.ebrary.com/lib/rucke/Doc?id=10069605
_zAn electronic book accessible through the World Wide Web; click to view
999 _c42088
_d42088